000 00804cam a2200253 a 4500
001 000006935
005 20200929154027.0
008 840120s2002 sp a 001 0 spa d
040 _aDO-SdBNP
_cCarP
_dDLC
043 _ae-gx---
082 _a320.943
_bH675m
100 1 _aHitler, Adolf
_d1889-1945.
_919237
240 1 0 _aMein Kampf.
_lSpanish
245 1 0 _aMi lucha /
_cAdolf Hitler ; traducción de Alberto Saldivar P.
260 _aBogotá :
_bSolar,
_c2002.
300 _a262 p. :
_bil. ;
_c17 cm.
490 1 _aSolar
651 4 _aAlemania
_xPolítica Y Gobierno
_ySIGLO XX
_919238
610 2 0 _aPARTIDO DE LOS TRABAJADORES NACIONAL SOCIALISTA ALEMÁN
_919239
700 1 _aSaldivar P., Alberto
_etr.
_919240
830 0 _aSolar ;
_919241
910 _aCatalogación original noche
049 _aBNGR
999 _c6719
_d6719